[Event "45. Torneo Internacional La Roda 2018"]
[Site "La Roda ESP"]
[Date "2018.03.30"]
[Round "4.9"]
[White "Gonzalez Diaz, Julio"]
[Black "Korneev, Oleg"]
[Result "0-1"]
[WhiteElo "2239"]
[BlackElo "2557"]
[PlyCount "90"]
[EventDate "2018.03.28"]
[EventType "swiss"]
[EventRounds "9"]
[EventCountry "ESP"]
[SourceTitle "Ajedrez en Madrid"]
[Source "lmi"]
[SourceDate "2018.03.28"]

1. e4 e5 2. Nc3 Nc6 3. g3 Bc5 4. Bg2 d6 5. Na4 Nge7 6. Nxc5 dxc5 7. d3 Be6 8.
Be3 Qd6 9. f4 f6 10. Qe2 O-O-O 11. Nf3 Bg4 12. O-O Nd4 13. Qf2 Bxf3 14. Bxf3
Nxf3+ 15. Qxf3 Nc6 16. Qf2 b6 17. a3 a5 18. fxe5 Qxe5 19. Qf5+ Kb7 20. Qxe5
Nxe5 21. Rad1 a4 22. Bf4 Rhe8 23. Bxe5 Rxe5 24. Rfe1 c4 25. d4 Rb5 26. Rd2 Rxb2
27. Re3 b5 28. d5 Ra8 29. Re1 c3 30. Rf2 b4 31. Ra1 b3 32. Rc1 Ra2 33. cxb3
Rxf2 34. Kxf2 axb3 35. Rxc3 Rxa3 36. Rc4 Ra6 37. Rc1 b2 38. Rb1 Rb6 39. Ke3 Rb4
40. Kd3 Kb6 41. Kc2 Kc5 42. Kc3 Rb8 43. h3 h5 44. g4 hxg4 45. hxg4 g5 0-1

[Event "45. Torneo Internacional La Roda 2018"]
[Site "La Roda ESP"]
[Date "2018.03.30"]
[Round "4.10"]
[White "Popovic, Dusan"]
[Black "Cabezas Ayala, Ivan"]
[Result "1/2-1/2"]
[WhiteElo "2534"]
[BlackElo "2297"]
[PlyCount "169"]
[EventDate "2018.03.28"]
[EventType "swiss"]
[EventRounds "9"]
[EventCountry "ESP"]
[SourceTitle "Ajedrez en Madrid"]
[Source "lmi"]
[SourceDate "2018.03.28"]

1. e4 e5 2. Nf3 Nc6 3. Bc4 Nf6 4. d3 Be7 5. O-O O-O 6. Re1 d6 7. a4 Be6 8. a5
a6 9. Nc3 Qd7 10. Nd5 Bxd5 11. exd5 Nb4 12. d4 e4 13. Nd2 Qf5 14. c3 Nbxd5 15.
Qc2 Nf4 16. Nxe4 N6h5 17. Qd1 Rae8 18. Ng3 Nxg3 19. hxg3 Ng6 20. Bd3 Qd7 21. d5
Bf6 22. Be3 Re7 23. Qa4 Qc8 24. Qc2 Rfe8 25. Bf5 Qd8 26. Bd2 Rxe1+ 27. Rxe1
Rxe1+ 28. Bxe1 Nf8 29. Qb3 Qb8 30. Kf1 g6 31. Bg4 h5 32. Be2 Nd7 33. Bd2 Qc8
34. g4 Nc5 35. Qc4 hxg4 36. Bxg4 Qd8 37. Be3 Nd7 38. Qb4 Ne5 39. Bh3 Qe8 40.
Ke2 Bg7 41. f4 Nd7 42. Qxb7 f5 43. Qxc7 Nc5 44. Qxd6 Qb5+ 45. Ke1 Nd3+ 46. Kf1
Nxf4+ 47. Kg1 Nxd5 48. Qd8+ Kf7 49. Bf2 Bf6 50. Qa8 Qxa5 51. g3 Ne7 52. Bf1 Qa1
53. Qb7 a5 54. Kg2 Qd1 55. Bc4+ Kg7 56. Qa6 Qd7 57. Qe6 Qxe6 58. Bxe6 Bg5 59.
Bd4+ Kf8 60. b4 axb4 61. cxb4 Nc6 62. Bc3 Ke7 63. Bc4 Kd6 64. Bf7 Ne7 65. Bd4
Kc6 66. Be8+ Kd5 67. Bf2 Bf6 68. b5 Be5 69. Be3 Bb8 70. Bg5 Nc8 71. Bxg6 Nd6
72. Kf3 Kc5 73. Bf4 Kxb5 74. Be5 Kc6 75. Kf4 Ba7 76. Bxf5 Nxf5 77. Kxf5 Kd7 78.
Kf6 Ke8 79. Kg7 Bf2 80. g4 Be3 81. Kh7 Kf7 82. Bg7 Bg5 83. Bh6 Bd8 84. Be3 Bf6
85. g5 1/2-1/2

[Event "45. Torneo Internacional La Roda 2018"]
[Site "La Roda ESP"]
[Date "2018.03.30"]
[Round "4.11"]
[White "Espinosa Aranda, Angel"]
[Black "Castellanos Gomez, Alejandro"]
[Result "0-1"]
[WhiteElo "2472"]
[BlackElo "2224"]
[PlyCount "56"]
[EventDate "2018.03.28"]
[EventType "swiss"]
[EventRounds "9"]
[EventCountry "ESP"]
[SourceTitle "Ajedrez en Madrid"]
[Source "lmi"]
[SourceDate "2018.03.28"]

1. e4 e6 2. g3 d5 3. Bg2 Nf6 4. e5 Nfd7 5. f4 c5 6. Nf3 Nc6 7. O-O Be7 8. d3 b5
9. c4 bxc4 10. dxc4 Nb6 11. Na3 Ba6 12. Nd2 O-O 13. b3 Rb8 14. Bb2 Na4 15. Qc1
Nxb2 16. Qxb2 Nd4 17. Rfd1 f6 18. cxd5 fxe5 19. fxe5 exd5 20. Nc2 Bg5 21. Nf1
Ne2+ 22. Kh1 d4 23. Nce3 Rf2 24. Qa3 Qc8 25. Nd5 Rxg2 26. Kxg2 Bb7 27. h4 Bxd5+
28. Kh2 Qf5 0-1

[Event "45. Torneo Internacional La Roda 2018"]
[Site "La Roda ESP"]
[Date "2018.03.30"]
[Round "4.12"]
[White "Tudela Corbalan, Carlos"]
[Black "Cifuentes Parada, Roberto"]
[Result "0-1"]
[WhiteElo "2232"]
[BlackElo "2465"]
[PlyCount "170"]
[EventDate "2018.03.28"]
[EventType "swiss"]
[EventRounds "9"]
[EventCountry "ESP"]
[SourceTitle "Ajedrez en Madrid"]
[Source "lmi"]
[SourceDate "2018.03.28"]

1. Nf3 d5 2. g3 c6 3. Bg2 Bg4 4. d3 Nd7 5. O-O e5 6. c4 dxc4 7. dxc4 Ngf6 8.
Nc3 Bc5 9. Qc2 O-O 10. h3 Bh5 11. Nh4 Re8 12. a3 a5 13. Rb1 Qe7 14. e4 Rad8 15.
Nf5 Qe6 16. g4 Bg6 17. Ne2 Nb6 18. Be3 Nfd7 19. b4 axb4 20. axb4 Bxe3 21. Nxe3
f6 22. c5 Nc8 23. Rfc1 Nf8 24. b5 Bf7 25. Bf1 Ng6 26. bxc6 bxc6 27. Nf5 Nf4 28.
Rb7 Kf8 29. Rc7 g6 30. Rxc8 Qxc8 31. Nd6 Qc7 32. Nxf4 exf4 33. Nxe8 Bxe8 34.
Rb1 Qe5 35. Rb7 h5 36. Qa2 Rd7 37. Rxd7 Bxd7 38. Qa8+ Ke7 39. Qg8 hxg4 40. Qxg6
gxh3 41. Qh7+ Kd8 42. Bxh3 Bxh3 43. Qxh3 Qxe4 44. Qh8+ Ke7 45. Qg7+ Ke6 46.
Qg8+ Ke5 47. Qb8+ Kf5 48. Qc8+ Qe6 49. Qh8 Ke4 50. Qh7+ Kd4 51. Qc2 Qe1+ 52.
Kh2 Qe5 53. Kh3 Qe4 54. Qb2+ Kxc5 55. Qxf6 Qf3+ 56. Kh4 Qxf2+ 57. Kg4 Qg3+ 58.
Kf5 Qd3+ 59. Kg4 Qe2+ 60. Kf5 f3 61. Qc3+ Kb6 62. Kf4 f2 63. Qb4+ Qb5 64. Qd4+
Qc5 65. Qb2+ Ka5 66. Qa1+ Kb5 67. Kf3 Qc2 68. Qe5+ c5 69. Qb8+ Ka4 70. Qa7+ Kb3
71. Qb6+ Ka2 72. Qa5+ Kb2 73. Kg2 c4 74. Qb4+ Kc1 75. Qa3+ Kd1 76. Qf3+ Qe2 77.
Qd5+ Kc2 78. Qf5+ Qd3 79. Qxf2+ Qd2 80. Kh1 c3 81. Qc5 Kd1 82. Qh5+ Kc1 83. Qh3
Qd5+ 84. Kg1 c2 85. Kf2 Qd4+ 0-1

[Event "45. Torneo Internacional La Roda 2018"]
[Site "La Roda ESP"]
[Date "2018.03.30"]
[Round "4.13"]
[White "Krug Cortegoso, Rodolfo Martin"]
[Black "Campora, Daniel H."]
[Result "0-1"]
[WhiteElo "2134"]
[BlackElo "2419"]
[PlyCount "107"]
[EventDate "2018.03.28"]
[EventType "swiss"]
[EventRounds "9"]
[EventCountry "ESP"]
[SourceTitle "Ajedrez en Madrid"]
[Source "lmi"]
[SourceDate "2018.03.28"]

1. Nf3 g6 2. c4 Bg7 3. d4 Nf6 4. Nc3 d5 5. e3 O-O 6. Be2 c5 7. dxc5 Qa5 8. O-O
dxc4 9. Bxc4 Qxc5 10. Qe2 Nc6 11. h3 e5 12. e4 Nd4 13. Nxd4 exd4 14. Nd5 Nxd5
15. Bxd5 Bd7 16. Qf3 Bc6 17. Bxc6 Qxc6 18. Bf4 Rfe8 19. Rfe1 Qb5 20. b3 Rac8
21. e5 Qd7 22. Rad1 Rc5 23. Re4 Rd5 24. Qd3 Bxe5 25. Bxe5 Rexe5 26. Rxe5 Rxe5
27. Qg3 Re8 28. Qf4 d3 29. g4 Qd5 30. Kh2 Re2 31. Kg3 Rxa2 32. Qe3 d2 33. f3
Qd6+ 34. Kg2 a5 35. Qc3 Qd8 36. Kf2 b5 37. Ke2 b4 38. Qe3 Qd5 39. h4 Rb2 40.
Rxd2 Rxd2+ 41. Qxd2 Qxb3 42. Qd8+ Kg7 43. Qxa5 Qc4+ 44. Ke3 Qc3+ 45. Ke4 Qe1+
46. Kd3 Qc3+ 47. Ke4 Qc4+ 48. Ke3 b3 49. Qa1+ Kf8 50. Qb2 Ke7 51. h5 Qc5+ 52.
Kd3 Qd5+ 53. Ke3 gxh5 54. gxh5 0-1

[Event "45. Torneo Internacional La Roda 2018"]
[Site "La Roda ESP"]
[Date "2018.03.30"]
[Round "4.14"]
[White "Stankovic, Milos"]
[Black "Gomez Anadon, Daniel"]
[Result "1-0"]
[WhiteElo "2416"]
[BlackElo "2189"]
[PlyCount "51"]
[EventDate "2018.03.28"]
[EventType "swiss"]
[EventRounds "9"]
[EventCountry "ESP"]
[SourceTitle "Ajedrez en Madrid"]
[Source "lmi"]
[SourceDate "2018.03.28"]

1. e4 Nf6 2. e5 Nd5 3. d4 d6 4. Nf3 Bg4 5. Be2 e6 6. O-O Be7 7. h3 Bh5 8. c4
Nb6 9. exd6 cxd6 10. Nc3 O-O 11. Be3 Nc6 12. d5 exd5 13. Nxd5 Nxd5 14. Qxd5 Bg6
15. Rad1 Bf6 16. Qd2 Re8 17. b3 a5 18. Qxd6 Qxd6 19. Rxd6 a4 20. c5 Nb4 21. Bb5
axb3 22. axb3 Re7 23. Rfd1 h6 24. Bd2 Na2 25. Bc4 Nc3 26. Bxc3 1-0

[Event "45. Torneo Internacional La Roda 2018"]
[Site "La Roda ESP"]
[Date "2018.03.30"]
[Round "4.15"]
[White "Sanchez Dengra, Jose Maria"]
[Black "Merario Alarcon, Andres"]
[Result "1/2-1/2"]
[WhiteElo "2130"]
[BlackElo "2384"]
[PlyCount "60"]
[EventDate "2018.03.28"]
[EventType "swiss"]
[EventRounds "9"]
[EventCountry "ESP"]
[SourceTitle "Ajedrez en Madrid"]
[Source "lmi"]
[SourceDate "2018.03.28"]

1. e4 e5 2. Nf3 Nc6 3. Bb5 a6 4. Ba4 Nf6 5. O-O Be7 6. Re1 b5 7. Bb3 O-O 8. h3
Bb7 9. c3 d5 10. d4 exd4 11. e5 Ne4 12. cxd4 Na5 13. Bc2 f5 14. exf6 Bxf6 15.
Nc3 Re8 16. Bf4 Nc4 17. Qb1 Qe7 18. a4 bxa4 19. Bxa4 Rf8 20. Bb3 Qb4 21. Nxe4
dxe4 22. Nd2 Kh8 23. Ra4 Nxd2 24. Rxb4 Nxb1 25. Rxb7 Bxd4 26. Rd1 Rad8 27. Bg3
Bb6 28. Rxb1 Rd3 29. Bc4 Rd2 30. Bxa6 h5 1/2-1/2

[Event "45. Torneo Internacional La Roda 2018"]
[Site "La Roda ESP"]
[Date "2018.03.30"]
[Round "4.16"]
[White "Quintin Navarro, Alberto"]
[Black "Rodriguez Garcia, Manuel Fco"]
[Result "1-0"]
[WhiteElo "2380"]
[BlackElo "2169"]
[PlyCount "101"]
[EventDate "2018.03.28"]
[EventType "swiss"]
[EventRounds "9"]
[EventCountry "ESP"]
[SourceTitle "Ajedrez en Madrid"]
[Source "lmi"]
[SourceDate "2018.03.28"]

1. d4 d5 2. c4 dxc4 3. e4 Nf6 4. e5 Nd5 5. Bxc4 Nb6 6. Bd3 Nc6 7. Ne2 Bg4 8. f3
Bh5 9. Be3 e6 10. O-O Bg6 11. Be4 Qd7 12. Nbc3 Be7 13. a3 O-O-O 14. a4 Nd5 15.
Bf2 f6 16. exf6 gxf6 17. a5 a6 18. Rc1 Nxa5 19. Na4 Kb8 20. Nc5 Bxc5 21. Rxc5
b6 22. Rc1 Rc8 23. Qd3 Nb4 24. Qa3 Bxe4 25. fxe4 Nac6 26. Rfd1 a5 27. Qb3 Rhg8
28. Nf4 e5 29. dxe5 Qg4 30. Bg3 fxe5 31. Nd5 Nd4 32. Rxd4 exd4 33. Nxb6 Qxe4
34. Nxc8 Rxc8 35. Qc4 Qd5 36. Qxd5 Nxd5 37. Rd1 Ne3 38. Rxd4 Nf5 39. Rd3 Nxg3
40. Rxg3 Rd8 41. Rg5 Rd2 42. Rxa5 Rxb2 43. Rh5 Kb7 44. Rxh7 Kb6 45. Rh8 Ra2 46.
h4 c5 47. h5 c4 48. h6 Ra1+ 49. Kh2 Ra7 50. Rb8+ Kc6 51. Rc8+ 1-0

[Event "45. Torneo Internacional La Roda 2018"]
[Site "La Roda ESP"]
[Date "2018.03.30"]
[Round "4.17"]
[White "Fernandez Fernandez, Juan Carlos"]
[Black "Gines Esteo, Pedro Antonio"]
[Result "0-1"]
[WhiteElo "2044"]
[BlackElo "2356"]
[PlyCount "60"]
[EventDate "2018.03.28"]
[EventType "swiss"]
[EventRounds "9"]
[EventCountry "ESP"]
[SourceTitle "Ajedrez en Madrid"]
[Source "lmi"]
[SourceDate "2018.03.28"]

1. d4 d6 2. c4 e5 3. Nf3 e4 4. Ng5 f5 5. Nc3 Be7 6. Nh3 Nf6 7. e3 c6 8. Be2 Na6
9. a3 O-O 10. O-O Nc7 11. b4 d5 12. Qb3 Ne6 13. cxd5 cxd5 14. Bb2 g5 15. f4
exf3 16. gxf3 f4 17. Na4 fxe3 18. Qxe3 Nh5 19. Bd3 Nhf4 20. Nxf4 Nxf4 21. Rae1
Bd6 22. Kh1 Qf6 23. Bc2 Bh3 24. Rg1 Rae8 25. Qf2 Rxe1 26. Qxe1 Bg2+ 27. Rxg2
Nxg2 28. Qf2 Nf4 29. Bc1 Nh3 30. Qg2 Qxf3 0-1

[Event "45. Torneo Internacional La Roda 2018"]
[Site "La Roda ESP"]
[Date "2018.03.30"]
[Round "4.18"]
[White "Perez Garcia, Alejandro"]
[Black "Fernandez Alvarez, Luis"]
[Result "1/2-1/2"]
[WhiteElo "2355"]
[BlackElo "2122"]
[PlyCount "152"]
[EventDate "2018.03.28"]
[EventType "swiss"]
[EventRounds "9"]
[EventCountry "ESP"]
[SourceTitle "Ajedrez en Madrid"]
[Source "lmi"]
[SourceDate "2018.03.28"]

1. Nf3 Nf6 2. c4 g6 3. g3 Bg7 4. Bg2 O-O 5. d4 d6 6. Nc3 Nc6 7. O-O Bf5 8. Ne1
Na5 9. e4 Bg4 10. f3 Bd7 11. b3 c5 12. Nc2 cxd4 13. Nxd4 Nc6 14. Be3 Rc8 15.
Rc1 a6 16. Nxc6 Bxc6 17. Qd2 b5 18. cxb5 axb5 19. Nd5 Nxd5 20. exd5 Bb7 21. f4
Qd7 22. Bd4 Bxd4+ 23. Qxd4 Rxc1 24. Rxc1 Rc8 25. Qe3 Rxc1+ 26. Qxc1 e6 27. dxe6
fxe6 28. Qc3 Bxg2 29. Kxg2 Qb7+ 30. Qf3 Qa7 31. Qe2 Qb7+ 32. Kh3 Qd7 33. Kg2
Qc6+ 34. Kh3 Kf7 35. Qd1 e5 36. fxe5 dxe5 37. a4 bxa4 38. bxa4 h5 39. Qb3+ Kg7
40. Qb5 Qe4 41. a5 Qg4+ 42. Kg2 e4 43. Qe5+ Kh7 44. Qf4 Qe2+ 45. Kh3 e3 46.
Qf7+ Kh6 47. Qf4+ Kh7 48. Qc7+ Kh6 49. Qf4+ Kh7 50. Qf7+ Kh6 51. Qf8+ Kh7 52.
Qe7+ Kh6 53. Qf6 Qg4+ 54. Kg2 Qe2+ 55. Kg1 Qe1+ 56. Qf1 Qxa5 57. Qf8+ Kh7 58.
Qe7+ Kg8 59. Qxe3 Qa1+ 60. Kg2 Qf6 61. Qe8+ Kg7 62. Qd7+ Kg8 63. Qd5+ Kg7 64.
Qe4 Qb2+ 65. Kg1 Qa1+ 66. Kf2 Qb2+ 67. Qe2 Qd4+ 68. Kf3 Qg4+ 69. Ke3 Qe6+ 70.
Kd2 Qa2+ 71. Ke1 Qb1+ 72. Kf2 Qf5+ 73. Qf3 Qc2+ 74. Kg1 Qb1+ 75. Kg2 Qc2+ 76.
Qf2 Qc6+ 1/2-1/2

[Event "45. Torneo Internacional La Roda 2018"]
[Site "La Roda ESP"]
[Date "2018.03.30"]
[Round "4.20"]
[White "Torres Boch, Jose F."]
[Black "Forcen Esteban, Daniel"]
[Result "0-1"]
[WhiteElo "2090"]
[BlackElo "2564"]
[PlyCount "86"]
[EventDate "2018.03.28"]
[EventType "swiss"]
[EventRounds "9"]
[EventCountry "ESP"]
[SourceTitle "Ajedrez en Madrid"]
[Source "lmi"]
[SourceDate "2018.03.28"]

1. e4 c5 2. Nf3 e6 3. d4 cxd4 4. Nxd4 Nc6 5. Nc3 Qc7 6. Be3 a6 7. Qd2 Nf6 8.
O-O-O Na5 9. Bf4 e5 10. Bg3 d6 11. Nf5 Bxf5 12. exf5 Be7 13. Bh4 Nc6 14. Bxf6
Bxf6 15. Nd5 Qd8 16. h4 Nd4 17. g4 Rc8 18. g5 Rxc2+ 19. Qxc2 Nxc2 20. gxf6 Nd4
21. fxg7 Qc8+ 22. Bc4 Qxc4+ 23. Kb1 Rg8 24. Nf6+ Kd8 25. Nxg8 Nxf5 26. Rxd6+
Kc7 27. Rhd1 Nxg7 28. Nf6 Qxh4 29. Rd7+ Kb8 30. Rxf7 Ne6 31. Rdd7 Qh1+ 32. Kc2
Qc6+ 33. Kb1 Nc5 34. Rc7 Qh1+ 35. Kc2 Qg2 36. Nxh7 Qe4+ 37. Kd2 Ka8 38. Nf8
Qd4+ 39. Ke1 Nd3+ 40. Kf1 Nf4 41. Rcd7 Qe4 42. Rxf4 exf4 43. Rd2 f3 0-1

[Event "45. Torneo Internacional La Roda 2018"]
[Site "La Roda ESP"]
[Date "2018.03.30"]
[Round "4.21"]
[White "Cebrian Flores, Juan Antonio"]
[Black "Lariño Nieto, David"]
[Result "0-1"]
[WhiteElo "2060"]
[BlackElo "2452"]
[PlyCount "78"]
[EventDate "2018.03.28"]
[EventType "swiss"]
[EventRounds "9"]
[EventCountry "ESP"]
[SourceTitle "Ajedrez en Madrid"]
[Source "lmi"]
[SourceDate "2018.03.28"]

1. d4 a6 2. e4 h6 3. Nf3 d6 4. h3 g5 5. c4 Bg7 6. Nc3 e6 7. Be3 Ne7 8. Qc2 Nd7
9. O-O-O c6 10. Nd2 b5 11. h4 gxh4 12. Rxh4 Nf5 13. exf5 Qxh4 14. fxe6 fxe6 15.
Qg6+ Kf8 16. Nde4 d5 17. Nd6 Qe7 18. c5 Kg8 19. Bf4 e5 20. dxe5 Nxc5 21. g3 Qe6
22. Qh5 Bd7 23. b4 Ne4 24. Ncxe4 dxe4 25. f3 Rf8 26. fxe4 Qxa2 27. Nf5 Qa3+ 28.
Kc2 Qa2+ 29. Kc1 Qf7 30. Qh4 Bxf5 31. exf5 Qxf5 32. Bh3 Qf7 33. Rd7 Qc4+ 34.
Kd1 Rf7 35. Rxf7 Qxf7 36. e6 Qf6 37. Qh5 Qd4+ 38. Kc2 Qc4+ 39. Kd1 Qd5+ 0-1

[Event "45. Torneo Internacional La Roda 2018"]
[Site "La Roda ESP"]
[Date "2018.03.30"]
[Round "5.1"]
[White "Vasquez Schroeder, Rodrigo"]
[Black "Fedorchuk, Sergey A."]
[Result "1/2-1/2"]
[WhiteElo "2527"]
[BlackElo "2642"]
[PlyCount "30"]
[EventDate "2018.03.28"]
[EventType "swiss"]
[EventRounds "9"]
[EventCountry "ESP"]
[SourceTitle "Ajedrez en Madrid"]
[Source "lmi"]
[SourceDate "2018.03.28"]

1. e4 c5 2. Nf3 e6 3. d4 cxd4 4. Nxd4 Nc6 5. Nb5 d6 6. c4 Nf6 7. N1c3 a6 8. Nd4
Bd7 9. Be2 Rc8 10. Nb3 Ne5 11. Nd2 Bc6 12. O-O Be7 13. f4 Ned7 14. Kh1 Qc7 15.
b4 Qd8 1/2-1/2

[Event "45. Torneo Internacional La Roda 2018"]
[Site "La Roda ESP"]
[Date "2018.03.30"]
[Round "5.2"]
[White "Perez Candelario, Manuel"]
[Black "Ladron De Guevara Pinto, Paolo"]
[Result "1/2-1/2"]
[WhiteElo "2586"]
[BlackElo "2422"]
[PlyCount "63"]
[EventDate "2018.03.28"]
[EventType "swiss"]
[EventRounds "9"]
[EventCountry "ESP"]
[SourceTitle "Ajedrez en Madrid"]
[Source "lmi"]
[SourceDate "2018.03.28"]

1. e4 c5 2. Nf3 d6 3. d4 cxd4 4. Nxd4 Nf6 5. Nc3 g6 6. g3 Bg7 7. Bg2 O-O 8. O-O
Nc6 9. Nde2 Bd7 10. h3 Rb8 11. a4 Rc8 12. Nd5 Nxd5 13. exd5 Na5 14. Ra2 e6 15.
dxe6 Bxe6 16. b3 d5 17. Nf4 d4 18. Nxe6 fxe6 19. Qe2 Re8 20. Be4 Nc6 21. Bd2
Qd7 22. h4 Ne7 23. h5 Nf5 24. hxg6 hxg6 25. a5 Qf7 26. Qg4 Bf6 27. Ra4 Kg7 28.
Bg5 Nd6 29. Bxf6+ Qxf6 30. a6 b5 31. Raa1 e5 32. Rae1 1/2-1/2

[Event "45. Torneo Internacional La Roda 2018"]
[Site "La Roda ESP"]
[Date "2018.03.30"]
[Round "5.3"]
[White "Suarez Uriel, Adrian"]
[Black "Ibarra Jerez, Jose Carlos"]
[Result "0-1"]
[WhiteElo "2412"]
[BlackElo "2569"]
[PlyCount "88"]
[EventDate "2018.03.28"]
[EventType "swiss"]
[EventRounds "9"]
[EventCountry "ESP"]
[SourceTitle "Ajedrez en Madrid"]
[Source "lmi"]
[SourceDate "2018.03.28"]

1. e4 d6 2. d4 Nf6 3. Nc3 e5 4. Nf3 exd4 5. Nxd4 Be7 6. Bf4 O-O 7. Qd2 d5 8.
Ndb5 Bb4 9. O-O-O c6 10. Qd4 Na6 11. Bg5 Bc5 12. Qd2 h6 13. Bxf6 Qxf6 14. Nd4
Nc7 15. exd5 cxd5 16. Be2 Qxf2 17. Rhf1 Qh4 18. Bf3 Be6 19. g3 Qg5 20. Qxg5
hxg5 21. Rfe1 Rad8 22. Nb3 Bb4 23. Re3 Rd7 24. a3 Be7 25. Kb1 Rfd8 26. Nd4 Bf6
27. Nce2 Rd6 28. Red3 g6 29. Nc3 Bd7 30. Nde2 Bc6 31. Bg2 Be5 32. Nd4 g4 33.
Re1 Bf6 34. Red1 Kg7 35. Nxc6 bxc6 36. Ne4 Re6 37. Nxf6 Rxf6 38. R1d2 Rh8 39.
Rd4 Rxh2 40. Rxg4 Re6 41. c4 Re3 42. cxd5 Nxd5 43. Kc2 Rxg2 44. Rxg2 Re6 0-1

[Event "45. Torneo Internacional La Roda 2018"]
[Site "La Roda ESP"]
[Date "2018.03.30"]
[Round "5.4"]
[White "Pilgaard, Kim"]
[Black "Korneev, Oleg"]
[Result "1/2-1/2"]
[WhiteElo "2397"]
[BlackElo "2557"]
[PlyCount "30"]
[EventDate "2018.03.28"]
[EventType "swiss"]
[EventRounds "9"]
[EventCountry "ESP"]
[SourceTitle "Ajedrez en Madrid"]
[Source "lmi"]
[SourceDate "2018.03.28"]

1. d4 d5 2. c4 c6 3. Nf3 Nf6 4. Nc3 dxc4 5. a4 Bf5 6. Ne5 Nbd7 7. Nxc4 Nb6 8.
Ne5 a5 9. h4 e6 10. f3 h6 11. e4 Bh7 12. Be3 Nfd7 13. Nd3 Bd6 14. Ne2 O-O 15.
Qb3 Kh8 1/2-1/2

[Event "45. Torneo Internacional La Roda 2018"]
[Site "La Roda ESP"]
[Date "2018.03.30"]
[Round "5.5"]
[White "Epishin, Vladimir"]
[Black "Quintin Navarro, Alberto"]
[Result "1-0"]
[WhiteElo "2551"]
[BlackElo "2380"]
[PlyCount "47"]
[EventDate "2018.03.28"]
[EventType "swiss"]
[EventRounds "9"]
[EventCountry "ESP"]
[SourceTitle "Ajedrez en Madrid"]
[Source "lmi"]
[SourceDate "2018.03.28"]

1. d4 Nf6 2. g3 e6 3. Bg2 d5 4. Nf3 b5 5. c3 c5 6. O-O Bb7 7. dxc5 Bxc5 8. Nd4
Qb6 9. Nb3 Bd6 10. Be3 Qc7 11. a4 bxa4 12. Rxa4 Nbd7 13. N1d2 Bc6 14. Rh4 Nf8
15. Nc4 Be7 16. Bf4 Qd8 17. Nba5 Qc8 18. Nd6+ Bxd6 19. Bxd6 Ng6 20. Rc4 Qd8 21.
Bb4 Bb5 22. Nb7 Bxc4 23. Nxd8 Rxd8 24. Qd4 1-0

[Event "45. Torneo Internacional La Roda 2018"]
[Site "La Roda ESP"]
[Date "2018.03.30"]
[Round "5.6"]
[White "Cifuentes Parada, Roberto"]
[Black "Martin Duque, Jesus"]
[Result "1-0"]
[WhiteElo "2465"]
[BlackElo "2345"]
[PlyCount "87"]
[EventDate "2018.03.28"]
[EventType "swiss"]
[EventRounds "9"]
[EventCountry "ESP"]
[SourceTitle "Ajedrez en Madrid"]
[Source "lmi"]
[SourceDate "2018.03.28"]

1. d4 Nf6 2. Nf3 e6 3. g3 d5 4. Bg2 Be7 5. O-O O-O 6. c4 dxc4 7. Qc2 a6 8. a4
Bd7 9. Ne5 Bc6 10. Nxc6 Nxc6 11. Bxc6 bxc6 12. Rd1 Rb8 13. Bg5 Nd7 14. Bxe7
Qxe7 15. Na3 Rb4 16. Nxc4 Rfb8 17. Rab1 Qg5 18. Nd2 Qd5 19. b3 Nf6 20. e3 e5
21. dxe5 Ng4 22. Nc4 Qe6 23. Qc3 Qf5 24. Rb2 h5 25. e4 Qg5 26. f3 Nh6 27. Rd3
h4 28. Kg2 Qg6 29. Nd2 Kh7 30. Rc2 Qh5 31. Qc5 h3+ 32. Kf2 Qg5 33. Ke2 f5 34.
exf6 Qxf6 35. Qc3 Qe7 36. Qc5 Qf6 37. Qxc6 Qa1 38. Qd7 Qg1 39. Qxh3 Rd4 40.
Rcc3 Rbd8 41. g4 Kg8 42. Qg3 Qh1 43. Rxd4 Rxd4 44. Rd3 1-0

[Event "45. Torneo Internacional La Roda 2018"]
[Site "La Roda ESP"]
[Date "2018.03.30"]
[Round "5.7"]
[White "Oratovsky, Michael"]
[Black "Mingarro Carceller, Sergi"]
[Result "1-0"]
[WhiteElo "2445"]
[BlackElo "2323"]
[PlyCount "79"]
[EventDate "2018.03.28"]
[EventType "swiss"]
[EventRounds "9"]
[EventCountry "ESP"]
[SourceTitle "Ajedrez en Madrid"]
[Source "lmi"]
[SourceDate "2018.03.28"]

1. e4 c5 2. Nf3 e6 3. g3 Nc6 4. Bg2 Nf6 5. d3 d6 6. O-O Be7 7. c3 O-O 8. Nbd2
Qc7 9. a3 Bd7 10. d4 cxd4 11. cxd4 e5 12. Re1 Rfc8 13. h3 a5 14. Nf1 a4 15. Rb1
Na5 16. Bd2 Bc6 17. Nh4 Nb3 18. Nf5 Bf8 19. Bg5 Ne8 20. Nd2 Nxd2 21. Bxd2 g6
22. Nh6+ Kh8 23. Qf3 f6 24. Ng4 Qe7 25. Qd3 Nc7 26. Bb4 Qf7 27. Rbc1 Kg7 28.
Ne3 Bb5 29. Qd2 Ne6 30. Bc3 Rd8 31. Nd5 Rac8 32. f4 Nxd4 33. Bxd4 exd4 34. Qxd4
Rxc1 35. Rxc1 Bc6 36. Nb4 Be8 37. Qb6 Rd7 38. Nd5 Kg8 39. Rc8 f5 40. Rxe8 1-0

[Event "45. Torneo Internacional La Roda 2018"]
[Site "La Roda ESP"]
[Date "2018.03.30"]
[Round "5.8"]
[White "Campora, Daniel H."]
[Black "Plazuelo Pascual, Juan"]
[Result "1/2-1/2"]
[WhiteElo "2419"]
[BlackElo "2330"]
[PlyCount "74"]
[EventDate "2018.03.28"]
[EventType "swiss"]
[EventRounds "9"]
[EventCountry "ESP"]
[SourceTitle "Ajedrez en Madrid"]
[Source "lmi"]
[SourceDate "2018.03.28"]

1. e4 e6 2. d4 d5 3. Nd2 Be7 4. Bd3 c5 5. dxc5 Nf6 6. Qe2 O-O 7. Ngf3 a5 8. O-O
Na6 9. e5 Nd7 10. Re1 Naxc5 11. Bb5 f6 12. exf6 Bxf6 13. Nb3 a4 14. Nxc5 Nxc5
15. a3 Bd7 16. Rb1 Rc8 17. Bd2 Ne4 18. Bb4 Be7 19. Bd3 Bc6 20. Rbd1 Qc7 21.
Bxe7 Qxe7 22. Bxe4 dxe4 23. Ne5 Bd5 24. c4 Qc7 25. cxd5 Qxe5 26. d6 Rcd8 27.
Qxe4 Qxb2 28. Qxe6+ Kh8 29. Qe3 h6 30. h3 b5 31. Rd2 Qf6 32. d7 Rf7 33. Qe8+
Rf8 34. Qh5 Rxd7 35. Rxd7 Qxf2+ 36. Kh2 Qxe1 37. Qxb5 Qe3 1/2-1/2

[Event "45. Torneo Internacional La Roda 2018"]
[Site "La Roda ESP"]
[Date "2018.03.30"]
[Round "5.9"]
[White "Gines Esteo, Pedro Antonio"]
[Black "Stankovic, Milos"]
[Result "1/2-1/2"]
[WhiteElo "2356"]
[BlackElo "2416"]
[PlyCount "114"]
[EventDate "2018.03.28"]
[EventType "swiss"]
[EventRounds "9"]
[EventCountry "ESP"]
[SourceTitle "Ajedrez en Madrid"]
[Source "lmi"]
[SourceDate "2018.03.28"]

1. d4 Nf6 2. c4 g6 3. Nc3 d5 4. Nf3 Bg7 5. Bg5 Ne4 6. cxd5 Nxg5 7. Nxg5 e6 8.
Qd2 exd5 9. Qe3+ Kf8 10. Qf4 Bf6 11. h4 h6 12. Nxd5 Bxg5 13. Qe5 Rh7 14. hxg5
Nc6 15. Qe4 Bf5 16. Qf3 Qxg5 17. Qc3 Re8 18. e3 Qd8 19. Qc5+ Kg7 20. O-O-O Re6
21. Nc3 Qe7 22. Qxe7 Rxe7 23. Be2 Rh8 24. Bf3 Nd8 25. b4 c6 26. Kb2 g5 27. g3
Rhe8 28. Rc1 Ne6 29. b5 g4 30. Bg2 cxb5 31. Nxb5 Rd7 32. Rh5 Bg6 33. Rd5 Rxd5
34. Bxd5 Ng5 35. Rc7 a6 36. Nc3 b5 37. Bc6 Re6 38. d5 Rf6 39. Kb3 Ne4 40. Nxe4
Bxe4 41. d6 Bxc6 42. Rxc6 Rxf2 43. Rxa6 Kf6 44. Kb4 Ke6 45. Kxb5 h5 46. a4 Rb2+
47. Kc6 Rc2+ 48. Kb7 Kd7 49. Rb6 Ra2 50. Rb4 h4 51. gxh4 g3 52. Rf4 g2 53.
Rxf7+ Kxd6 54. Rg7 Rxa4 55. h5 Rb4+ 56. Ka6 Rh4 57. Rxg2 Rxh5 1/2-1/2